[Event "URS Spartakiad"]
[Site "URS"]
[Date "1979.??.??"]
[Round "?"]
[White "Hasanov, Marat"]
[Black "Mac"]
[Result "1-0"]
[WhiteElo "2200"]
[BlackElo "2200"]

1.d4 g6 2.e4 Bg7 3.Nc3 c6 4.Nf3 Nf6 5.e5 Nd5 6.Ne4 O-O 7.Bd3 d6 8.exd6 exd6
9.O-O Bg4 10.c3 h6 11.h3 Bf5 12.Qb3 b6 13.Re1 Nc7 14.Qc2 d5 15.Ng3 Bxd3 16.Qxd3 Nd7
17.h4 Qf6 18.h5 Rae8 19.Bd2 c5 20.Nh2 c4 21.Qc2 b5 22.Ng4 Qh4 23.Nxh6+ Kh8
24.Rxe8 Nxe8 25.hxg6 Bxh6 26.Nf5 Qg4 27.Bxh6 Rg8 28.g7+ Rxg7 29.Bxg7+ Nxg7
30.Nxg7 Kxg7 31.Qd1  1-0

[Event "URS Spartakiad"]
[Site "URS"]
[Date "1979.??.??"]
[Round "?"]
[White "Kupreichik, Viktor D"]
[Black "Dzuban, Oleg I"]
[Result "1-0"]
[WhiteElo "2365"]
[BlackElo "2440"]

1.e4 g6 2.d4 Bg7 3.Nc3 c6 4.Be3 d5 5.Qd2 Nf6 6.e5 Ng4 7.Bf4 h5 8.O-O-O Qa5
9.h3 Nh6 10.g4 Na6 11.Be2 b5 12.a3 Nc7 13.Kb1 Qb6 14.Nf3 Ne6 15.gxh5 gxh5
16.Nh4 Nxf4 17.Qxf4 Bd7 18.Rhg1 Bf8 19.Bxh5 O-O-O 20.Bxf7 Nxf7 21.Qxf7 Rxh4
22.e6 Qc7 23.exd7+ Qxd7 24.Rg8 Bh6 25.Rxd8+ Kxd8 26.Qg8+ Qe8 27.Qg3 Rf4 28.Ne2 Qh5
29.Rd2 Rf3 30.Qb8+ Kd7 31.Qxa7+ Ke8 32.Rd1 Rxf2 33.Nc3 Qg6 34.Qb8+ Kf7 35.Rd3 Qg1+
36.Ka2 Bf4 37.Qc8 Qg6 38.Nd1 Rxc2 39.Rf3 Qe4 40.Qg4 e5 41.Nc3 Qg6 42.dxe5 Qxg4
43.hxg4 Ke6 44.Rxf4 Kxe5 45.Rf5+ Kd4 46.Rf6 Kc5 47.Kb1 Rg2 48.b4+ Kc4 49.Rxc6+  1-0

[Event "URS Spartakiad"]
[Site "URS"]
[Date "1979.??.??"]
[Round "?"]
[White "Vitolinsh, Alvis"]
[Black "Dzuban, Oleg I"]
[Result "1-0"]
[WhiteElo "2430"]
[BlackElo "2440"]

1.e4 g6 2.d4 Bg7 3.Nc3 c6 4.f4 d5 5.e5 Nh6 6.Nf3 b6 7.Be3 Na6 8.Qd2 Nc7 9.O-O-O Bg4
10.Be2 Nf5 11.Bf2 e6 12.g3 Bf8 13.h3 Bxf3 14.Bxf3 Be7 15.g4 Ng7 16.Ne2 Qd7
17.Ng3 f5 18.exf6 Bxf6 19.h4 Be7 20.h5 gxh5 21.Nxh5 Nxh5 22.Rxh5 O-O-O 23.Rdh1 Bd6
24.g5 Rdg8 25.Be3 Rg7 26.R1h4 Rf8 27.Qh2 Rff7 28.Be2 c5 29.Kb1 c4 30.c3 b5
31.Bd1 a5 32.Qc2 Na8 33.Rh6 Kd8 34.Bc1 Nc7 35.Bh5 Rf8 36.Bg4 Bxf4 37.Rf6 Bd6
38.Qf2 Rgg8 39.Bf4 Bxf4 40.Qxf4 Rxf6 41.gxf6 Rf8 42.Bh5 b4 43.Rg4 Qc6 44.f7 Kd7
45.Rg8 Qa8 46.Bd1 b3 47.Rxf8 Qxf8 48.axb3 Nb5 49.bxc4 Nd6 50.c5 Nxf7 51.Bh5 Ke7
52.Qh4+ Ke8 53.c6  1-0

[Event "URS Spartakiad"]
[Site "URS"]
[Date "1979.??.??"]
[Round "?"]
[White "Bandziene, Rasa"]
[Black "Samaganova, Bakita"]
[Result "0-1"]
[WhiteElo "2200"]
[BlackElo "2040"]

1.e4 g6 2.d4 Bg7 3.Nc3 c6 4.Nf3 d5 5.h3 Nf6 6.e5 Ne4 7.Nxe4 dxe4 8.Ng5 c5
9.dxc5 Qa5+ 10.c3 Qxc5 11.e6 Bxe6 12.Nxe6 fxe6 13.Be3 Qc6 14.Qb3 O-O 15.Bb5 Qc8
16.Bc4 Kf7 17.O-O Nc6 18.Be2 Ne5 19.Rad1 a6 20.Bg5 Qc6 21.Rd2 Rad8 22.Rfd1 Rd6
23.Qc2 Rfd8 24.Rxd6 Rxd6 25.Bf4 Rxd1+ 26.Qxd1 Nd7 27.Qd2 Qd5 28.Bh6 Bf6 29.Bc4 Qxc4
30.Qxd7 Qe2 31.Qd2 Qc4 32.Be3 Qd5 33.b3 b5 34.Kf1 Qc6 35.Bd4 Qd6 36.Ke2 Qd5
37.Qf4 e5 38.Qh6 exd4 39.Qxh7+ Bg7 40.cxd4 Qxd4  0-1

[Event "Fyn"]
[Site "DEN"]
[Date "1980.??.??"]
[Round "?"]
[White "Jensen, Vagn"]
[Black "Fuller, Maxwell L"]
[Result "0-1"]
[WhiteElo "2225"]
[BlackElo "2355"]

1.e4 g6 2.d4 Bg7 3.Nc3 c6 4.Bc4 d6 5.Bg5 Nf6 6.Bb3 Nbd7 7.Nf3 e5 8.dxe5 dxe5
9.Qd6 Qe7 10.Qxe7+ Kxe7 11.h3 h6 12.Be3 Nh7 13.O-O-O Nhf8 14.Nd2 Ne6 15.Bxe6 Kxe6
16.Nc4 Bf8 17.Rd2 Be7 18.g3 b6 19.f4 Bb4 20.Rhd1 Ke7 21.Nd6 Rd8 22.a3 Bc5
23.Bxc5 Nxc5 24.b4 Nb7 25.fxe5 Rb8 26.b5 Na5 27.bxc6 Nxc6 28.Nc4 Rxd2 29.Rxd2 Bxh3
30.Nd5+ Kf8 31.Rh2 Be6 32.Rxh6 Kg7 33.Rh2 b5 34.Nd6 Nxe5 35.Nc7 Bc4 36.Rd2 Rh8
37.Kb2 Rh3 38.Ncxb5 Bxb5 39.Rd5 Nc4+ 40.Kc3 Nxd6 41.e5 Rxg3+  0-1

[Event "GER-SW chT 7980"]
[Site "Germany"]
[Date "1980.??.??"]
[Round "?"]
[White "Werner, Dimo"]
[Black "Bassler, Markus"]
[Result "1-0"]
[WhiteElo "2260"]
[BlackElo "2230"]

1.d4 g6 2.e4 Bg7 3.Nc3 c6 4.Bc4 d6 5.Nf3 Nf6 6.Bb3 Bg4 7.h3 Bxf3 8.Qxf3 Nbd7
9.Bg5 Qa5 10.Bd2 Qc7 11.O-O O-O 12.Qe2 e5 13.dxe5 dxe5 14.Be3 b5 15.Qf3 Rfe8
16.Rfd1 Nb6 17.a4 b4 18.Nb1 Rad8 19.Nd2 Qe7 20.a5 Nc8 21.Nc4 Nd7 22.Rd2 Nf8
23.Rxd8 Rxd8 24.Nxe5 Rd6 25.Nxf7 Rf6 26.Qg4 Rxf7 27.Qxc8 Bxb2 28.Rd1 Kg7
29.Bxf7 Kxf7 30.Qxc6  1-0

[Event "Malta ol (Men)"]
[Site "La Valetta"]
[Date "1980.??.??"]
[Round "?"]
[White "Georgiev, Krum"]
[Black "Csom, Istvan"]
[Result "1/2-1/2"]
[WhiteElo "2455"]
[BlackElo "2510"]

1.e4 c6 2.d4 g6 3.Nc3 Bg7 4.g3 d5 5.exd5 cxd5 6.Bg2 e6 7.Nf3 Nc6 8.O-O Nge7
9.Ne2 O-O 10.c3 a5 11.Nf4 Nf5 12.Re1 Bd7 13.Nd3 b6 14.h4 h6  1/2-1/2

[Event "Lone Pine"]
[Site "Lone Pine"]
[Date "1980.??.??"]
[Round "7"]
[White "Ivanovic, Bozidar"]
[Black "Odendahl, Steven M"]
[Result "1-0"]
[WhiteElo "2440"]
[BlackElo "2400"]

1.e4 g6 2.d4 Bg7 3.Nc3 c6 4.Nf3 d6 5.a4 a5 6.Bg5 Qb6 7.Ra3 Nf6 8.Be2 O-O
9.O-O Qc7 10.Re1 e5 11.Qc1 Re8 12.dxe5 dxe5 13.Nh4 Be6 14.h3 Kh8 15.f4 exf4
16.Bxf4 Qb6+ 17.Be3 Qb4 18.Bd3 Nbd7 19.Nf3 Rad8 20.Bg5 Ne5 21.Nxe5 Qd4+ 22.Qe3 Qxe5
23.Rf1 Bc8 24.Raa1 Rd7 25.Rf3 Qe6 26.Raf1 Ng8 27.Qe2 Rf8 28.Kh1 Qe5 29.Be3 Re7
30.Qf2 Rfe8 31.Rxf7 Rxf7 32.Qxf7 Nf6 33.Bf4 Qc5 34.Qc7 Nh5 35.Bd6 Qe3 36.Qf7 Rd8
37.Qe7 Rg8 38.Qh4 Qd4 39.Bh2 Nf6 40.Bg1 Qe5 41.Ne2 c5 42.b3 Re8 43.Nf4 g5
44.Ng6+ Kg8 45.Nxe5 gxh4 46.Bh2 Nxe4 47.Bxe4 Bxe5 48.Bd5+ Kg7 49.Re1 Kf6
50.Bg1 b6 51.Bf2 Kg5 52.Re4 Bf5 53.Bxh4+ Kh5 54.Bf7+ Kh6 55.Re2 Rf8 56.Bc4 Bd4
57.Be7 Rc8 58.Bd6 Rc6 59.Bf4+ Kg7 60.Re7+ Kf6 61.Rb7 Bxc2 62.Bd5 Rc8 63.Rxb6+ Kf5
64.Rb8 Rxb8 65.Bxb8 Be4 66.Bg8 Kg5 67.Bc7 Bc3 68.Bb6 Bb4 69.Kg1 Kf4 70.Kf2 Ke5
71.g4 Bd5 72.Bxd5 Kxd5 73.Ke3 c4 74.bxc4+ Kxc4 75.g5 Be1 76.Ke2 Bc3 77.h4 Kb4
78.Kd3 Bg7 79.Bd4 Bf8 80.h5 Kxa4 81.Kc4 Be7 82.g6 hxg6 83.h6  1-0

[Event "Manchester Benedictine"]
[Site "Manchester"]
[Date "1980.??.??"]
[Round "1"]
[White "Morris, Walter D"]
[Black "Fuller, Maxwell L"]
[Result "0-1"]
[WhiteElo "2380"]
[BlackElo "2355"]

1.e4 g6 2.d4 Bg7 3.Nc3 c6 4.Bc4 d6 5.Bb3 Nf6 6.Qe2 O-O 7.Nf3 Bg4 8.h3 Bxf3
9.Qxf3 Nbd7 10.O-O c5 11.Be3 Rc8 12.e5 cxd4 13.exf6 Bxf6 14.Bh6 dxc3 15.bxc3 Rxc3
16.Qxb7 Rc7 17.Qd5 Bxa1 18.Bxf8 Qxf8 19.Rxa1 Nf6 20.Qa5 Qb8 21.Re1 Rc5 22.Qa4 Qc7
23.Qd4 Re5 24.Rxe5 dxe5 25.Qa4 Qc5 26.c3 a5 27.Bc4 Kg7 28.Qb5 Qxb5 29.Bxb5 Ne4
30.c4 f5 31.Kf1 Kf6 32.a3 Nc5 33.Ke2 e4  0-1

[Event "Tirnavia-A"]
[Site "Trnava"]
[Date "1980.??.??"]
[Round "2"]
[White "Nicevski, Risto"]
[Black "Popovic, Petar"]
[Result "1/2-1/2"]
[WhiteElo "2410"]
[BlackElo "2490"]

1.e4 g6 2.d4 Bg7 3.Nc3 c6 4.Nf3 d5 5.h3 Nf6 6.Bd3 dxe4 7.Nxe4 Nxe4 8.Bxe4 Bf5
9.Bxf5 Qa5+ 10.c3 Qxf5 11.Qb3 Qc8 12.Bg5 O-O  1/2-1/2

[Event "SVK-ch"]
[Site "Bardejov"]
[Date "1981.??.??"]
[Round "10"]
[White "Dobrovolsky, Ladislav"]
[Black "Petran, Peter"]
[Result "1-0"]
[WhiteElo "2345"]
[BlackElo "2300"]

1.e4 g6 2.d4 Bg7 3.Nc3 c6 4.Nf3 d5 5.h3 b5 6.a3 dxe4 7.Nxe4 Nf6 8.Bd3 Nbd7
9.O-O O-O 10.Bg5 a5 11.Re1 a4 12.Qd2 Re8 13.Bh6 Bb7 14.Bxg7 Kxg7 15.Neg5 Nf8
16.Ne5 Qxd4 17.Ngxf7 Qh4 18.Nf3 Qh5 19.Re5 Kxf7 20.Rxh5 Nxh5 21.Qc3 Nf6 22.Ne5+ Kg7
23.Re1 Rac8 24.Ng4 Nd7 25.Qd2 Nf8 26.Qh6+ Kg8 27.Qg5 Kf7 28.h4 Rcd8 29.h5 Nxg4
30.Qxg4 Rd6 31.Re3 Bc8 32.hxg6+ hxg6 33.Qh4 Rf6 34.c4 Bd7 35.Re5 Rb8 36.cxb5 cxb5
37.Qb4 Ne6 38.Bc4 Rb6 39.Bd5 Rd6 40.Qe4 Kf8 41.Qh4 Ke8 42.Qh7 Kd8 43.Bxe6 Rdxe6
44.Qh8+ Be8 45.Rxb5 Rb6 46.Ra5 Ra6 47.Rxa6 Rxa6 48.Qd4+ Rd6 49.Qc4 Rc6 50.Qd5+ Bd7
51.Kh2 Rc2 52.Qa8+ Rc8 53.Qe4 Be8 54.Kg3 Rb8 55.Kf4 Rb5 56.Qa8+ Kd7 57.Qxa4 Ke6
58.Qc4+ Kf6 59.b4 Rh5 60.g4 Bb5 61.Qc3+ e5+ 62.Ke4  1-0

[Event "Bochum"]
[Site "Bochum"]
[Date "1981.??.??"]
[Round "?"]
[White "Borik, Otto"]
[Black "Ciocaltea, Victor"]
[Result "1/2-1/2"]
[WhiteElo "2390"]
[BlackElo "2445"]

1.d4 g6 2.e4 Bg7 3.Nc3 c6 4.Nf3 d6 5.Be2 Nf6 6.O-O O-O 7.h3 Na6 8.Re1 Nc7
9.Bf1 b5 10.e5 Nfe8 11.a4 b4 12.Ne4 Rb8 13.Bg5 f6 14.exf6 exf6 15.Bf4 Be6
16.c4 bxc3 17.bxc3 h6 18.Bc1 f5 19.Ned2 Bf7 20.Bd3 Nd5 21.Qc2  1/2-1/2

[Event "Budva zt"]
[Site "Budva"]
[Date "1981.??.??"]
[Round "2"]
[White "Avgousti, Petrakis"]
[Black "Trikaliotis, Georgios"]
[Result "1/2-1/2"]
[WhiteElo "2200"]
[BlackElo "2345"]

1.e4 g6 2.d4 Bg7 3.Nc3 c6 4.Be3 d6 5.h3 Nd7 6.g4 Qa5 7.a3 e6 8.Ne2 b5 9.Bg2 d5
10.O-O Ne7 11.Ng3 Qc7 12.f4 Nb6 13.e5 f5 14.Qf3 Bd7 15.b3 a5 16.Rfc1 O-O
17.g5 Rfb8 18.Nd1 Be8 19.Nb2 Bf8 20.Nd3 Nec8 21.Bf2 Nd7 22.Ne2 Ncb6 23.Kh2 a4
24.Nc5 Bf7 25.h4 axb3 26.cxb3 Nxc5 27.dxc5 Nd7 28.Bd4 Ra6 29.Qe3 Rba8 30.b4 h6
31.Bb2 Bg7 32.Rd1 Kh7 33.Kh3 Re8 34.Bf3 Rh8 35.Kg3 h5 36.Re1 Rha8 37.Rad1 Re8  1/2-1/2

[Event "Budva zt"]
[Site "Budva"]
[Date "1981.??.??"]
[Round "15"]
[White "Fernandes, Antonio"]
[Black "Ivanovic, Bozidar"]
[Result "1/2-1/2"]
[WhiteElo "2390"]
[BlackElo "2550"]

1.d4 g6 2.e4 Bg7 3.Nc3 c6 4.Bc4 d5 5.exd5 b5 6.Bb3 b4 7.Nce2 cxd5 8.Nf3 Nf6
9.O-O O-O 10.Ne5 Bb7 11.a3 bxa3 12.Rxa3 Nc6 13.Bf4 Na5 14.Ba2 Ne4 15.Qe1 Nc6
16.f3 Nd6 17.Qd2 Nb5 18.Rb3 a6 19.Nxc6 Bxc6 20.Bh6 Nd6 21.Bxg7 Kxg7 22.Re3 Rb8
23.b4 Nf5 24.Re5 Qd6 25.Nf4 Qxb4 26.Qxb4 Rxb4 27.c3 Rb2 28.Bxd5 Rc8 29.g4 Nh4
30.Rxe7 Bxd5 31.Nxd5 Rg2+ 32.Kh1 Rb8 33.Nf4 Rc2 34.g5 h6 35.gxh6+ Kxh6 36.Rfe1 Rbb2
37.R7e2 g5 38.Rxc2 Rxc2 39.Ne2 Nxf3 40.Rf1 Nxh2 41.Kxh2 Rxe2+ 42.Kg1 Kg7
43.Rd1 a5 44.d5 Kf8 45.Ra1 Ke7 46.Rxa5 Rd2 47.Ra7+  1/2-1/2

[Event "Caorle op"]
[Site "Caorle"]
[Date "1981.??.??"]
[Round "4"]
[White "Rasidovic, Sead"]
[Black "Sibilio, Mario"]
[Result "1-0"]
[WhiteElo "2000"]
[BlackElo "2350"]

1.e4 g6 2.d4 Bg7 3.Nc3 c6 4.Bc4 d5 5.exd5 b5 6.Bb3 b4 7.Ne4 cxd5 8.Qf3 e6
9.Ba4+ Kf8 10.Ng5 Nf6 11.h4 Bd7 12.Bxd7 Nbxd7 13.Ne2 h6 14.Nh3 Rc8 15.Qb3 Rc4
16.Nhf4 Qc8 17.Be3 a5 18.O-O-O Qa6 19.a4 Ke7 20.f3 Rhc8 21.Rd2 R4c6 22.Kb1 Nb6
23.Nc1 Nc4 24.Re2 Kd8 25.Bf2 Nd7 26.Rhe1 Ndb6 27.Ncd3 Nxb2 28.Nc5 Rxc5 29.dxc5 N6xa4
30.Rxe6 Qc4 31.Re8+ Kc7 32.Qxc4 Nxc4 33.Nxd5+ Kb8 34.Bg3+ Kb7 35.R1e7+ Kc6
36.Nxb4+ axb4 37.Rxc8+ Kd5 38.Rd8+ Kxc5 39.Rc7+ Kb5 40.Rb8+  1-0

[Event "Caorle op"]
[Site "Caorle"]
[Date "1981.??.??"]
[Round "5"]
[White "Aleksic, Nenad"]
[Black "Kuzmanovic, Milan"]
[Result "1/2-1/2"]
[WhiteElo "2200"]
[BlackElo "2000"]

1.e4 g6 2.d4 Bg7 3.Nc3 c6 4.Nf3 Nh6 5.Bf4 f6 6.Qd2 Nf7 7.Be2 O-O 8.O-O d6
9.h3 Nd7 10.a4 a5  1/2-1/2

[Event "Caorle op"]
[Site "Caorle"]
[Date "1981.??.??"]
[Round "7"]
[White "Zupe, Miran"]
[Black "Colombo, Paolo"]
[Result "1-0"]
[WhiteElo "2000"]
[BlackElo "2080"]

1.e4 g6 2.d4 Bg7 3.Nc3 c6 4.Bf4 Qb6 5.Nf3 Qxb2 6.Bd2 Qb6 7.Bc4 d6 8.O-O Nd7
9.Na4 Qc7 10.Ng5 d5 11.exd5 b5 12.dxc6 bxc4 13.cxd7+ Qxd7 14.Qf3 Nf6 15.Qxa8 O-O
16.Nc5 Qxd4 17.Be3 Qe5 18.Rad1 Ng4 19.Nf3 Qc7 20.Qd5 Bf5 21.Na6 Qc8 22.Nb4 a5
23.Nc6 Re8 24.Qxc4 Qc7 25.Bf4 e5 26.Ncxe5  1-0

[Event "Caorle op"]
[Site "Caorle"]
[Date "1981.??.??"]
[Round "8"]
[White "Mengarini, Ariel"]
[Black "Magrin, Antonio"]
[Result "1/2-1/2"]
[WhiteElo "2225"]
[BlackElo "2070"]

1.e4 g6 2.d4 Bg7 3.Nc3 c6 4.Nf3 d5 5.h3 Nf6 6.e5 Nfd7 7.Bf4 Nf8 8.Qd2 h5
9.Be2 Ne6 10.Be3 Nd7 11.Rd1 Qa5 12.O-O b5 13.b3 Qc7 14.a4 b4 15.Na2 a5 16.c3 bxc3
17.Nxc3 Ba6 18.Rb1 O-O 19.Rfc1 Qa7 20.Ng5 Nxg5 21.Bxg5 e6 22.g4 Bxe2 23.Nxe2 hxg4
24.hxg4 c5 25.f4 Rfb8 26.Be7 c4 27.Bd6 Rc8 28.bxc4 dxc4 29.Nc3 Bf8 30.Nb5 Qa6
31.d5 exd5 32.Qxd5 Nb6 33.Qf3 Nxa4 34.Bxf8 Kxf8 35.Qa3+ Nc5 36.Nd6 Kg8 37.Rxc4 Ne6
38.Rxc8+ Rxc8 39.Nxc8 Qxc8 40.Qd6 Qc2 41.Rf1 Qe2 42.Qd1 Qe3+ 43.Kh2 Nxf4
44.Qf3 Qxf3 45.Rxf3 g5 46.Ra3 Kf8 47.Rxa5 Ke7 48.Kg3 Ke6 49.Kf3 Nd3 50.Ke4 Nf2+
51.Kd4 Nxg4 52.Ra6+ Kf5 53.Ra5 Kf4 54.Ra1 Nxe5 55.Kc3 g4 56.Kd2 f5 57.Ke2 Nf3
58.Ra3 Ng5 59.Kf2 Ne4+ 60.Kg2  1/2-1/2

[Event "Caorle op"]
[Site "Caorle"]
[Date "1981.??.??"]
[Round "8"]
[White "Micheli, Carlo"]
[Black "Kuzmanovic, Milan"]
[Result "0-1"]
[WhiteElo "2295"]
[BlackElo "2000"]

1.e4 g6 2.d4 Bg7 3.Nc3 c6 4.h3 d5 5.e5 Nh6 6.Nf3 f6 7.Qe2 O-O 8.Bf4 Nf7 9.O-O-O Na6
10.g4 Nc7 11.Bg2 b5 12.Rhe1 b4 13.exf6 exf6 14.Na4 Ne6 15.Bg3 Nd6 16.Nc5 Re8
17.Qd2 a5 18.Re2 Ra7 19.Ng1 Rae7 20.b3 Nb5 21.Nxe6 Bxe6 22.Rde1 Nc3 23.Re3 Nxa2+
24.Kb2 Nc3 25.Ne2 Nb5 26.c3 c5 27.cxb4 cxb4 28.Nf4 Bf7 29.Rxe7 Rxe7 30.Rxe7 Qxe7
31.Nxd5 Qd8 32.Ne3 Nxd4 33.Nc4 Bxc4 34.bxc4 f5 35.Kb1 Qd7 36.Qd1 b3 37.Bd5+ Kh8
38.Bf4 Qa4  0-1

[Event "Gausdal Int"]
[Site "Gausdal"]
[Date "1981.??.??"]
[Round "5"]
[White "Westerinen, Heikki MJ"]
[Black "Jansson, Joran"]
[Result "1-0"]
[WhiteElo "2420"]
[BlackElo "2200"]

1.e4 g6 2.d4 Bg7 3.Nc3 c6 4.f4 d5 5.e5 h5 6.Nf3 Bg4 7.Be3 Nh6 8.Be2 e6 9.Qd2 Nd7
10.Bf2 Nf5 11.Nd1 Bf8 12.Ne3 c5 13.Nxf5 gxf5 14.c4 dxc4 15.d5 Qb6 16.Rd1 Bh6
17.dxe6 Qxe6 18.Qe3 Bxf3 19.Bxf3 O-O-O 20.O-O Qe7 21.Rd5 b6 22.Rc1 Nb8 23.b4 cxb3
24.axb3 Rxd5 25.Bxd5 Na6 26.Qd3 Nc7 27.Qxf5+ Qd7 28.Bb7+ Kd8 29.Qf6+  1-0

[Event "Hamburg op"]
[Site "Hamburg"]
[Date "1981.??.??"]
[Round "4"]
[White "Radulov, Ivan"]
[Black "Nikolaiczuk, Lothar"]
[Result "1-0"]
[WhiteElo "2465"]
[BlackElo "2290"]

1.e4 c6 2.d4 g6 3.Nc3 Bg7 4.f4 d5 5.e5 h5 6.Nf3 Bg4 7.Be2 Nh6 8.Be3 Nf5 9.Bf2 h4
10.Qd2 e6 11.Ng5 Bxe2 12.Nxe2 Bf8 13.O-O-O Nd7 14.g4 hxg3 15.hxg3 Rxh1 16.Rxh1 Nh6
17.Rh4 Qc7 18.Qe1 Nb6 19.Qh1 Nf5 20.Rh7 Ng7 21.Rh8 O-O-O 22.Qh7 Qe7 23.Qg8 Nc4
24.c3 Nxb2 25.Kxb2 Qa3+ 26.Kb1 Qa6 27.Nc1 Qb5+ 28.Kc2 Qf1 29.Be3 Nf5 30.Bd2 Qf2
31.Qxf8 Rxf8 32.Rxf8+ Kc7 33.Rxf7+ Kb6 34.Rxf5 gxf5 35.Nxe6 Qxg3 36.Nd3 Qg8
37.Ndc5 a6 38.Nd7+ Ka7 39.Ng5 Qc8 40.e6  1-0

[Event "Helsinki"]
[Site "Helsinki"]
[Date "1981.??.??"]
[Round "7"]
[White "Rantanen, Yrjo A"]
[Black "Sznapik, Aleksander"]
[Result "1-0"]
[WhiteElo "2460"]
[BlackElo "2450"]

1.e4 g6 2.d4 Bg7 3.Nc3 c6 4.h3 d6 5.a4 Nf6 6.g4 O-O 7.Bg2 e5 8.Be3 Nbd7 9.Nge2 Re8
10.Qd2 Nb6 11.b3 exd4 12.Bxd4 d5 13.a5 Nbd7 14.exd5 cxd5 15.O-O Ne5 16.Rad1 Ne4
17.Nxe4 dxe4 18.Bxe4 Nxg4 19.Bxg7 Qxd2 20.Rxd2 Kxg7 21.Bg2 Nf6 22.Nc3 Rb8
23.Nb5 a6 24.Nd6 Re7 25.Rfd1 Be6 26.Rd4 b5 27.Ne4 Bxh3 28.Nxf6 Bxg2 29.Nd7 Rxd7
30.Rxd7 Be4 31.R1d6 Re8 32.Rxa6 Bxc2 33.Raa7 h5 34.f3  1-0

[Event "NLD-ch"]
[Site "Leeuwarden"]
[Date "1981.??.??"]
[Round "7"]
[White "Stehouwer, Coen"]
[Black "Van der Wiel, John TH"]
[Result "1/2-1/2"]
[WhiteElo "2200"]
[BlackElo "2465"]

1.e4 g6 2.d4 Bg7 3.Nc3 c6 4.f4 d5 5.e5 h5 6.Be3 Nh6 7.Nf3 Bg4 8.Be2 e6 9.g3 Nf5
10.Bf2 Bf8 11.h3 Bxf3 12.Bxf3 Qa5 13.Qd3 Nd7 14.g4 hxg4 15.hxg4 Rxh1+ 16.Bxh1 Ne7
17.O-O-O b5 18.Kb1 b4 19.Ne2 c5 20.dxc5 Nxc5 21.Bxc5 Qxc5 22.Nd4 Nc6 23.Nxc6 Qxc6
24.f5 gxf5 25.gxf5 Rc8 26.Bf3 Qc4 27.fxe6 fxe6 28.Qg6+ Kd7 29.b3 Qc3 30.Qf7+ Be7
31.Rxd5+ exd5 32.Bg4+ Kc6 33.Bxc8 Qe1+  1/2-1/2

[Event "Ljubljana"]
[Site "Ljubljana"]
[Date "1981.??.??"]
[Round "4"]
[White "Wittmann, Walter"]
[Black "Sznapik, Aleksander"]
[Result "1/2-1/2"]
[WhiteElo "2425"]
[BlackElo "2470"]

1.e4 g6 2.d4 Bg7 3.Nc3 c6 4.f4 d5 5.e5 h5 6.Be3 Nh6 7.Nf3 Bg4 8.Be2 e6 9.Bf2 Nf5
10.h3 Bxf3 11.Bxf3 h4 12.O-O Bf8 13.Ne2 a5 14.b3 Na6 15.a3 Be7 16.c4 Kf8
17.Qd3 Qb6 18.c5 Qd8 19.b4 b5 20.Be1 a4 21.Nc3 Nc7 22.Bd2 Qd7 23.Nd1 Kg7
24.Nf2  1/2-1/2

[Event "POL-chT"]
[Site "Lubniewice"]
[Date "1981.??.??"]
[Round "5"]
[White "Filipowicz, Andrzej"]
[Black "Sznapik, Aleksander"]
[Result "1/2-1/2"]
[WhiteElo "2375"]
[BlackElo "2450"]

1.e4 g6 2.d4 Bg7 3.Nc3 c6 4.Nf3 d6 5.h3 Nf6 6.Bg5 Qa5 7.Bd3 Nbd7 8.O-O O-O
9.Rb1 e5 10.b4 Qc7 11.dxe5 dxe5 12.a4 Re8 13.b5 Nc5 14.Be3 Nxd3 15.Qxd3 cxb5
16.Nxb5 Qc6 17.Rb4 Bf5 18.exf5 e4 19.Nfd4 exd3 20.Nxc6 bxc6 21.Nc7 Rab8 22.Rc4 Red8
23.cxd3 Rxd3 24.Rxc6 a5 25.Rc5 Rc8 26.Rfc1 Ne4 27.Rxa5 Nc3 28.Re1 gxf5 29.g3 h6
30.Na8 Re8 31.Nb6 Re6 32.Ra8+ Kh7 33.a5 Nd1 34.Rc8 Nxe3 35.Rxe3 Rdxe3 36.fxe3 Rxe3
37.Nc4 Rxg3+ 38.Kh2 Rg6 39.Rc5  1/2-1/2

[Event "Malaga"]
[Site "Malaga"]
[Date "1981.??.??"]
[Round "2"]
[White "Martin Gonzalez, Angel"]
[Black "Ciocaltea, Victor"]
[Result "0-1"]
[WhiteElo "2365"]
[BlackElo "2445"]

1.e4 g6 2.d4 Bg7 3.Nc3 c6 4.Bc4 d6 5.Qf3 e6 6.Bf4 Qe7 7.e5 d5 8.Bd3 b6 9.h4 h6
10.Qe2 Qb4 11.O-O-O Qxd4 12.Nh3 Qc5 13.h5 g5 14.Bg3 Nd7 15.f4 gxf4 16.Bxf4 Qe7
17.Rhf1 Nc5 18.Qg4 Bf8 19.Be2 Qc7 20.Bh2 a5 21.Qf3 Rh7 22.Nf2 Be7 23.Kb1 Bg5
24.Nh3 Bd7 25.Nxg5 hxg5 26.Qg3 O-O-O 27.Qxg5 Nh6 28.g4 f5 29.gxf5 Nxf5 30.Bg4 Rg7
31.Qf4 Rxg4 32.Qxg4 Ne3 33.Qg7 Nxd1 34.Rxd1 Be8 35.h6 Qf7 36.Rg1 d4 37.Ne2 Qh5
38.Nc1 Qxh2 39.h7 Bd7 40.Qg8 Nb7 41.Nd3 c5 42.Nf4 Kc7 43.Nxe6+ Bxe6 44.Rg7+ Bd7
45.Qxd8+ Nxd8  0-1

[Event "Malaga"]
[Site "Malaga"]
[Date "1981.??.??"]
[Round "4"]
[White "Fernandez Garcia, Jose L"]
[Black "Ciocaltea, Victor"]
[Result "1/2-1/2"]
[WhiteElo "2415"]
[BlackElo "2445"]

1.e4 g6 2.d4 Bg7 3.Nc3 c6 4.Bc4 d6 5.Qf3 e6 6.Nge2 Qe7 7.h4 h6 8.Qg3 e5 9.dxe5 dxe5
10.h5 g5 11.a4 Nd7 12.b3 Bf8 13.Ba3 Qf6 14.Bxf8 Kxf8 15.Nd1 Nc5 16.f3 Qe7
17.Ne3 a5 18.Qf2 b6 19.Ng3 Qc7 20.Ngf5 Bxf5 21.Nxf5 Ne7 22.Ne3 Kg7 23.O-O Rhd8
24.Rfd1 Rxd1+ 25.Rxd1 Rd8 26.Qe1 Rxd1 27.Qxd1 Qd7 28.Qxd7 Nxd7 29.Ng4 Nc8
30.Kf2 Nd6 31.Bd3 f6 32.Ne3 Nc5 33.Bc4 b5 34.axb5 cxb5 35.Bd5 b4 36.Ke2 a4
37.bxa4 Nxa4 38.Bb3 Nb6 39.Kd3 Kf8 40.Ng4 Kg7 41.Ne3 Kf8 42.Ng4 Kg7 43.Kd2 Nd7
44.Ne3 Nc5 45.Nd5 g4 46.Nxb4 f5 47.Nd3 gxf3 48.gxf3 Nxb3+ 49.cxb3 fxe4 50.Nxe5 exf3
51.Ng4 Ne4+ 52.Ke3 Ng3 53.b4 Nxh5 54.b5 f2  1/2-1/2

[Event "Malaga"]
[Site "Malaga"]
[Date "1981.??.??"]
[Round "11"]
[White "Vera, Reynaldo"]
[Black "Ciocaltea, Victor"]
[Result "0-1"]
[WhiteElo "2455"]
[BlackElo "2445"]

1.e4 g6 2.d4 Bg7 3.Nc3 c6 4.Nf3 d6 5.Be2 Nf6 6.O-O O-O 7.h3 Na6 8.Bf4 Nc7
9.Qd2 b5 10.a3 a6 11.e5 Nfe8 12.Bh6 f6 13.Rad1 Be6 14.Rfe1 Bf7 15.Bf1 g5
16.Bxg7 Nxg7 17.h4 Bh5 18.hxg5 fxg5 19.Qxg5 Rf5 20.Qh6 Bxf3 21.gxf3 Rh5 22.Qd2 d5
23.Ne2 Nce6 24.Ng3 Rh4 25.c3 Qf8 26.f4 Rxf4 27.Re3 Qf7 28.Bg2 Rf8 29.Rf1 h5
30.f3 Nf5 31.Nxf5 Qxf5 32.Kf2 Rh4 33.Ke1 Kh8 34.Re2 Nf4 35.Ref2 Rh2  0-1

[Event "US op"]
[Site "Palo Alto"]
[Date "1981.??.??"]
[Round "5"]
[White "Kudrin, Sergey"]
[Black "Hanken, Jerome B"]
[Result "1-0"]
[WhiteElo "2544"]
[BlackElo "2216"]

1.e4 g6 2.d4 Bg7 3.Nc3 c6 4.Bc4 d6 5.Qe2 Nf6 6.e5 Nd5 7.Bd2 Nxc3 8.Bxc3 d5
9.Bd3 a5 10.f4 e6 11.Nf3 b6 12.O-O Ba6 13.Bxa6 Nxa6 14.Be1 Qd7 15.Bh4 Nc7
16.g4 c5 17.c3 h5 18.h3 hxg4 19.hxg4 Qb5 20.Qf2 Kd7 21.a4 Qc6 22.Bf6 Rag8
23.Ng5 Ke8 24.Kg2 Kf8 25.Rh1 Rxh1 26.Rxh1 cxd4 27.Qxd4 Bxf6 28.exf6 Ke8 29.Nxf7  1-0

[Event "BUL-ch"]
[Site "Sofia"]
[Date "1981.??.??"]
[Round "6"]
[White "Gochev, Mladen"]
[Black "Stefanov, Krasimir"]
[Result "1-0"]
[WhiteElo "2250"]
[BlackElo "2315"]

1.e4 g6 2.d4 Bg7 3.Nc3 c6 4.Nf3 d6 5.a4 a5 6.h3 Na6 7.Be3 Nf6 8.Be2 Nb4 9.O-O O-O
10.Qd2 Re8 11.Rad1 Qc7 12.Rfe1 d5 13.e5 Nd7 14.Nb1 Nf8 15.c3 Na6 16.Bd3 Bd7
17.Na3 Ne6 18.Ng5 f5 19.Nxe6 Bxe6 20.Bh6 Rf8 21.h4 Qd7 22.Bxa6 Rxa6 23.h5 Qe8
24.hxg6 hxg6 25.Bf4 Kf7 26.g3 Rh8 27.Kg2 Ra8 28.Rh1 Qd7 29.Bh6 Rag8 30.Rh4 Qd8
31.Rdh1 Qf8 32.Qg5 Bxh6 33.Rxh6 Qg7 34.Nc2 Rxh6 35.Rxh6 Rh8 36.Rxh8 Qxh8
37.Ne1 b6 38.Nd3 Qg7 39.b4 Bd7 40.bxa5 bxa5 41.Nc5 Be8 42.Kf3 Qh7 43.Qh4 Qg7
44.Kf4 Kg8 45.Kg5 Qf7 46.Nd3 f4 47.Qxf4 Qh7 48.Qg4 Qh1 49.Nf4 Kg7 50.Qh4 Qc1
51.Qh6+ Kg8 52.e6 Qd2 53.Qh4 Qxf2 54.Kh6 Kf8 55.Kh7  1-0

[Event "Trencianske Teplice"]
[Site "Trencianske Teplice"]
[Date "1981.??.??"]
[Round "2"]
[White "Pribyl, Josef"]
[Black "Petran, Peter"]
[Result "1-0"]
[WhiteElo "2440"]
[BlackElo "2300"]

1.d4 g6 2.e4 Bg7 3.Nc3 c6 4.Nf3 d5 5.h3 b5 6.exd5 b4 7.Na4 cxd5 8.a3 bxa3
9.Rxa3 Nf6 10.Bb5+ Bd7 11.Bd3 O-O 12.O-O Bc8 13.Re1 Re8 14.Nc5 Nfd7 15.Bb5 Rf8
16.Nd3 Nb6 17.Nde5 a6 18.Bd3 Qd6 19.Bf4 Qd8 20.Qe2 e6 21.Qe3 f6 22.Ng4 Nc4
23.Bxc4 dxc4 24.Qe2 h5 25.Ne3 Nc6 26.Qxc4 Ne7 27.Qc5 Bb7 28.Qd6 Bxf3 29.gxf3 Qxd6
30.Bxd6 Kf7 31.Rb3 Rfd8 32.Bxe7 Kxe7 33.Rb7+ Rd7 34.Nd5+  1-0

[Event "Vrnjacka Banja"]
[Site "Vrnjacka Banja"]
[Date "1981.??.??"]
[Round "7"]
[White "Cabrilo, Goran"]
[Black "Sznapik, Aleksander"]
[Result "1/2-1/2"]
[WhiteElo "2425"]
[BlackElo "2450"]

1.e4 g6 2.d4 Bg7 3.Nc3 c6 4.f4 d5 5.e5 h5 6.Be3 Nh6 7.Nf3 Bf5 8.h3 Na6 9.g3 Qb6
10.Rb1 Nb4 11.Rc1 Be4 12.Bg2 Nf5 13.Bf2 Qa5 14.Qd2 Bxf3 15.Bxf3 e6 16.a3 Na6
17.Ne2 Qb6 18.c3 Qb5 19.O-O Nc7 20.Qc2 a5 21.a4 Qa6 22.b3 Bf8 23.Kg2 Be7
24.Qd2 Qb6 25.Rb1 Na6 26.Rh1 O-O-O 27.g4 Ng7 28.Qc2 Kb8  1/2-1/2